| 000 | 00547nam a2200193Ia 4500 | ||
|---|---|---|---|
| 005 | 20250508162036.0 | ||
| 008 | 008 250505s9999 xx 000 0 eng d | ||
| 020 | _a0-85117-1109 | ||
| 037 | _aTextual | ||
| 040 |
_aFEDL _beng _cFEDL |
||
| 041 |
_aeng _2eng |
||
| 084 |
_a362.74, FIT _qFEDL |
||
| 100 |
_aFitz Herbert Katrin _9772129 |
||
| 245 | 0 | _aChild care services and the teacher | |
| 260 |
_aLondon, UK _bMaurice Temple Smith Ltd. _c1977 |
||
| 300 | _ax,226p | ||
| 942 |
_cTEXL _h362.74, FIT |
||
| 999 |
_c1374019 _d1374019 |
||